España triunfante la iglesia laureada en todo el globo de el mundo por el patrocinio de María Santísima en España.

Detalles Bibliográficos
Autor principal: SANTA MARIA, Antoni de (Fray)
Formato: Libro
Publicado: Madrid 1682
Materias:
Colección:Banco de datos
Acervo:Biblioteca del Convento de San Pablo. Yuririahupándaro. Guanajuato
Tema general:Mariología
Notas:Regular. No identificada 1. 3D5, 7.
LEADER 00738nam a22001930004500
035 |a 35188 
036 |a 829 
100 1 |a SANTA MARIA, Antoni de (Fray) 
245 1 0 |a España triunfante la iglesia laureada en todo el globo de el mundo por el patrocinio de María Santísima en España. 
260 |a Madrid  |b Julián de Paredes imp.  |c 1682 
500 |a Regular. No identificada 1. 3D5, 7. 
650 1 0 |a Mariología 
949 |a CRG-CY 
959 |a Ex convento de San Pablo, Museo Regional de Yuririahpúndaro, Guanajuato  |b CCC9 
960 |a Convento San Pablo Yuririahpúndaro, Guanajuato  |b DD86 
961 |a Agustina  |b OA 
942 |c CRG-CY 
943 |g Biblioteca del Convento de San Pablo. Yuririahupándaro. Guanajuato 
999 |c 955854  |d 955854